[Event "GER-ch U10 Girls"]
[Site "Willingen"]
[Date "2023.05.31"]
[Round "6"]
[White "Berger, Jennifer"]
[Black "Lola, Georgia Maria"]
[Result "1-0"]
[WhiteElo "1137"]
[BlackElo "1293"]
[PlyCount "135"]
[EventDate "2023.05.27"]
[EventType "swiss"]
[EventRounds "11"]
[EventCountry "GER"]
[SourceTitle "CBM 214 Extra"]
[Source "ChessBase"]
[SourceDate "2023.07.31"]
[SourceVersion "1"]
[SourceVersionDate "2023.07.31"]
[SourceQuality "1"]

1. e4 e5 2. Nf3 Nc6 3. d4 exd4 4. Nxd4 Qh4 5. Nb5 Qxe4+ 6. Be2 Kd8 7. 0-0 Qe8 8. Re1 Nge7 9. Bf4 d6 10. Bxd6 cxd6 11. Nxd6 Qd7 12. Nxf7+ Ke8 13. Qxd7+ Bxd7 14. Nxh8 Nd4 15. Bd3 Bb5 16. Bxb5+ Nxb5 17. Na3 Nxa3 18. bxa3 g6 19. Rab1 b6 20. Rbd1 Bg7 21. Nxg6 hxg6 22. Rd6 Kf7 23. Rd7 Bf6 24. h3 a5 25. Rc7 Re8 26. g4 g5 27. a4 Kg7 28. c4 Kf7 29. c5 bxc5 30. Rxc5 Kg7 31. Re2 Ra8 32. Rc7 Ra6 33. Rcxe7+ Bxe7 34. Rxe7+ Kf6 35. Rb7 Rd6 36. Rb5 Ra6 37. Kg2 Kg6 38. Kg3 Kf6 39. h4 gxh4+ 40. Kxh4 Kg7 41. f4 Kh6 42. g5+ Kg6 43. f5+ Kh7 44. Kh5 Rd6 45. g6+ Kg7 46. Kg5 Ra6 47. Rb7+ Kg8 48. Kh6 Ra8 49. f6 Rf8 50. f7+ Rxf7 51. gxf7+ Kf8 52. Rb8+ Kxf7 53. Rb6 Ke7 54. Kg5 Kd7 55. Rh6 Kc7 56. Kf5 Kb7 57. Ke5 Ka7 58. Kd5 Kb7 59. Kc5 Kc7 60. Rh7+ Kd8 61. Kc6 Ke8 62. Ra7 Kf8 63. Kd6 Ke8 64. Rb7 Kf8 65. Ke6 Kg8 66. Kf6 Kh8 67. Kg6 Kg8 68. Rb8# 1-0

[Event "GER-ch U10 Girls"]
[Site "Willingen"]
[Date "2023.05.31"]
[Round "7"]
[White "Lola, Georgia Maria"]
[Black "Ruddat, Maila"]
[Result "1-0"]
[WhiteElo "1293"]
[BlackElo "1024"]
[PlyCount "110"]
[EventDate "2023.05.27"]
[EventType "swiss"]
[EventRounds "11"]
[EventCountry "GER"]
[SourceTitle "CBM 214 Extra"]
[Source "ChessBase"]
[SourceDate "2023.07.31"]
[SourceVersion "1"]
[SourceVersionDate "2023.07.31"]
[SourceQuality "1"]

1. e4 e5 2. Nf3 Nc6 3. Nc3 Nf6 4. d4 exd4 5. Nxd4 Bc5 6. Nxc6 bxc6 7. Bd3 0-0 8. 0-0 d5 9. exd5 cxd5 10. Bg5 c6 11. Qf3 Bd4 12. Qg3 Nh5 13. Qh4 Bf6 14. Qxh5 g6 15. Bxf6 Qxf6 16. Qe2 Qg5 17. Qe3 Qxe3 18. fxe3 Re8 19. Rae1 Re5 20. Nd1 Bb7 21. Nf2 c5 22. b3 c4 23. bxc4 dxc4 24. Bxc4 Rg5 25. g3 Rc8 26. Nh3 Rf5 27. Rxf5 gxf5 28. Bd3 Be4 29. Bxe4 fxe4 30. Rc1 Rb8 31. c4 Kf8 32. Ng5 a5 33. c5 Ke7 34. Nxe4 a4 35. Nc3 a3 36. Kg2 Rc8 37. Nd5+ Ke6 38. Nf4+ Kd7 39. Nd5 Rb8 40. c6+ Kc8 41. c7 Rb2+ 42. Kf3 Rxa2 43. Ne7+ Kd7 44. c8Q+ Kxe7 45. Rc7+ Kf6 46. Rxf7+ Kxf7 47. Qc4+ Kf6 48. Qxa2 Ke5 49. Qxa3 Kd5 50. Qb4 Ke5 51. Qd4+ Ke6 52. Qd8 Ke5 53. Qd7 Kf6 54. Qxh7 Ke6 55. h4 Ke5 1-0

[Event "GER-chT U12 Girls"]
[Site "Berlin"]
[Date "2022.12.29"]
[Round "6.7"]
[White "Lola, Georgia Maria"]
[Black "Neurohr, Katharina"]
[Result "1/2-1/2"]
[WhiteElo "1001"]
[BlackElo "941"]
[PlyCount "104"]
[EventDate "2022.12.26"]
[EventType "team-swiss"]
[EventRounds "7"]
[EventCountry "GER"]
[SourceTitle "EXT 2024"]
[Source "ChessBase"]
[SourceDate "2023.10.10"]
[SourceVersion "1"]
[SourceVersionDate "2023.10.10"]
[SourceQuality "1"]
[WhiteTeam "Muenchen SF"]
[BlackTeam "Oberschoeneweide"]
[WhiteTeamCountry "GER"]
[BlackTeamCountry "GER"]

1. e4 e5 2. Nf3 Nc6 3. Nc3 Nf6 4. Bb5 Bb4 5. 0-0 0-0 6. Re1 d6 7. h3 Be6 8. Ne2 Ne7 9. c3 Bc5 10. Ng3 c6 11. Be2 Ng6 12. d3 h6 13. d4 Bb6 14. b3 a5 15. c4 Qc7 16. d5 Bd7 17. Ba3 c5 18. Bc1 Nf4 19. Bf1 Rfe8 20. Be3 Rad8 21. Nh4 Ng6 22. Nhf5 Bxf5 23. Nxf5 Ne7 24. Nxe7+ Rxe7 25. Bd3 Qd7 26. a4 Ba7 27. Bd2 b6 28. Rb1 Rb8 29. Re3 Ree8 30. Rg3 Kf8 31. Qf3 Ke7 32. Rxg7 Rg8 33. Bxh6 Rbe8 34. Rxg8 Rxg8 35. h4 Qg4 36. Qxg4 Nxg4 37. Bg5+ f6 38. Be2 fxg5 39. Bxg4 gxh4 40. Be6 Rg7 41. Kh2 Rg6 42. Bf5 Rg5 43. Rg1 Kf6 44. g3 hxg3+ 45. Rxg3 Rxg3 46. fxg3 Kg5 47. Kh3 Bb8 48. g4 Bc7 49. Kg3 Bd8 50. Kf3 Be7 51. Ke3 Bd8 52. Bd7 Kg6 1/2-1/2

[Event "GER-chT U12 Girls"]
[Site "Berlin"]
[Date "2022.12.28"]
[Round "5.6"]
[White "Funke, Luise"]
[Black "Lola, Georgia Maria"]
[Result "1-0"]
[WhiteElo "1091"]
[BlackElo "1001"]
[PlyCount "65"]
[EventDate "2022.12.26"]
[EventType "team-swiss"]
[EventRounds "7"]
[EventCountry "GER"]
[SourceTitle "EXT 2024"]
[Source "ChessBase"]
[SourceDate "2023.10.10"]
[SourceVersion "1"]
[SourceVersionDate "2023.10.10"]
[SourceQuality "1"]
[WhiteTeam "Magdeburg Schachzwerge"]
[BlackTeam "Muenchen SF"]
[WhiteTeamCountry "GER"]
[BlackTeamCountry "GER"]

1. e4 e5 2. Nf3 Nc6 3. Bc4 Bc5 4. c3 Nf6 5. d4 exd4 6. e5 Ng8 7. cxd4 Bb4+ 8. Nc3 d5 9. Bb5 Bd7 10. Bg5 f6 11. exf6 Nxf6 12. 0-0 a6 13. Bxc6 Bxc6 14. Re1+ Be7 15. Bxf6 gxf6 16. Qc2 Qd6 17. Qe2 Rg8 18. Qe3 Rg7 19. Qh6 Rf7 20. Qh5 b5 21. Nd2 b4 22. Nd1 Bd7 23. Nf1 Be6 24. Qe2 Bd7 25. Nd2 Bb5 26. Qe3 Bd7 27. Nb3 f5 28. Nc5 f4 29. Qe5 Qg6 30. Nxd7 Rg7 31. Nf6+ Kd8 32. Qxd5+ Kc8 33. Qxa8# 1-0

[Event "GER-ch U10 Girls"]
[Site "Willingen"]
[Date "2022.06.11"]
[Round "11"]
[White "Lola, Georgia Maria"]
[Black "Berger, Jennifer"]
[Result "0-1"]
[WhiteElo "1016"]
[BlackElo "1046"]
[PlyCount "42"]
[EventDate "2022.06.04"]
[EventType "swiss"]
[EventRounds "11"]
[EventCountry "GER"]
[SourceTitle "CBM 208 Extra"]
[Source "ChessBase"]
[SourceDate "2022.07.31"]
[SourceVersion "1"]
[SourceVersionDate "2022.07.31"]
[SourceQuality "1"]

1. e4 Nc6 2. Nf3 d5 3. exd5 Qxd5 4. Nc3 Qh5 5. Bb5 Bg4 6. Bxc6+ bxc6 7. d3 Nf6 8. Bf4 e5 9. Bg3 0-0-0 10. h3 e4 11. Qd2 exf3 12. Qf4 Bd6 13. Qa4 Bxg3 14. fxg3 fxg2 15. Qa6+ Kb8 16. Rg1 Qxh3 17. Qxc6 Qxg3+ 18. Kd2 Qf2+ 19. Ne2 Qxe2+ 20. Kc1 Qe3+ 21. Kb1 Qxg1# 0-1

[Event "GER-ch U10 Girls"]
[Site "Willingen"]
[Date "2022.06.07"]
[Round "5"]
[White "Heidtkamp, Anna"]
[Black "Lola, Georgia Maria"]
[Result "1-0"]
[WhiteElo "1163"]
[BlackElo "1016"]
[PlyCount "149"]
[EventDate "2022.06.04"]
[EventType "swiss"]
[EventRounds "11"]
[EventCountry "GER"]
[SourceTitle "CBM 208 Extra"]
[Source "ChessBase"]
[SourceDate "2022.07.31"]
[SourceVersion "1"]
[SourceVersionDate "2022.07.31"]
[SourceQuality "1"]

1. e4 e5 2. Nf3 Nc6 3. Bc4 Nf6 4. d3 Bc5 5. Nc3 0-0 6. a3 Be7 7. Be3 d6 8. h3 a6 9. 0-0 h6 10. Qd2 b5 11. Ba2 Nd4 12. Bxd4 exd4 13. Nxd4 c5 14. Nc6 Qc7 15. Nxe7+ Qxe7 16. Rfe1 Nh7 17. Nd5 Qg5 18. Qxg5 Nxg5 19. Nc7 Ra7 20. Nd5 Kh7 21. Re2 Re8 22. f4 Ne6 23. c3 Nc7 24. Nb6 Be6 25. c4 g5 26. f5 Bxf5 27. cxb5 Nxb5 28. Nd5 Kg7 29. Rf2 Be6 30. Nf6 Ree7 31. Bxe6 Rxe6 32. Nd5 Nc7 33. Nc3 Rf6 34. Raf1 Rxf2 35. Rxf2 Ra8 36. Rc2 Nb5 37. Nxb5 axb5 38. e5 c4 39. dxc4 bxc4 40. exd6 Rd8 41. Rxc4 Rxd6 42. Rc1 h5 43. b4 g4 44. h4 g3 45. b5 Kf6 46. Rc6 Rxc6 47. bxc6 Ke6 48. Kf1 Kd6 49. Ke2 Kxc6 50. Kf3 Kb5 51. Kxg3 Ka4 52. Kf4 Kxa3 53. Kg5 Kb3 54. Kxh5 Kc3 55. g4 Kd4 56. Kg5 Ke5 57. h5 f6+ 58. Kg6 Kf4 59. Kxf6 Kxg4 60. Kg6 Kh4 61. h6 Kg4 62. h7 Kf4 63. h8Q Ke4 64. Qf6 Ke3 65. Qf5 Ke2 66. Qf4 Ke1 67. Qe3+ Kd1 68. Qf2 Kc1 69. Qe2 Kb1 70. Qd2 Ka1 71. Kf5 Kb1 72. Ke4 Ka1 73. Kd3 Kb1 74. Kc3 Ka1 75. Qb2# 1-0